[Event "GBR-ch 111th"]
[Site "Liverpool"]
[Date "2025.08.09"]
[Round "8.16"]
[White "Eggleston, David J"]
[Black "Khoury, Theo"]
[Result "1-0"]
[WhiteElo "2348"]
[BlackElo "2239"]
[PlyCount "79"]
[EventDate "2025.08.02"]
[EventType "swiss"]
[EventRounds "9"]
[EventCountry "GBR"]
[SourceTitle "BritBase"]
[Source "John Saunders"]
[SourceDate "2025.08.11"]
[SourceVersion "1"]
[SourceVersionDate "2025.08.11"]
[SourceQuality "1"]

1. e4 c5 2. Nf3 d6 3. d4 cxd4 4. Nxd4 Nf6 5. Nc3 a6 6. Nb3 e6 7. g4 b5 8. Bg2 Bb7 9. g5 b4 10. Nd5 Nxd5 11. exd5 e5 12. Be3 Be7 13. Qd2 a5 14. a3 bxa3 15. Rxa3 a4 16. Nc1 O-O 17. O-O Nd7 18. c4 f5 19. gxf6 Nxf6 20. Qb4 Qd7 21. Ne2 Rfb8 22. Qd2 Qg4 23. f4 exf4 24. Nxf4 Rf8 25. Kh1 Bc8 26. c5 Bf5 27. c6 Be4 28. Bxe4 Nxe4 29. Qg2 Qf5 30. Raa1 Qe5 31. Ne6 Rxf1+ 32. Rxf1 Ng3+ 33. hxg3 Qxe3 34. Qf3 Qh6+ 35. Kg2 Bf6 36. Rf2 Qc1 37. Qa3 Be7 38. Qb4 h6 39. Qb7 Re8 40. Qd7 1-0

[Event "GBR-ch 111th"]
[Site "Liverpool"]
[Date "2025.08.09"]
[Round "8.17"]
[White "Hebden, Mark L"]
[Black "Sivanandan, Bodhana"]
[Result "1-0"]
[WhiteElo "2347"]
[BlackElo "2216"]
[PlyCount "67"]
[EventDate "2025.08.02"]
[EventType "swiss"]
[EventRounds "9"]
[EventCountry "GBR"]
[SourceTitle "BritBase"]
[Source "John Saunders"]
[SourceDate "2025.08.11"]
[SourceVersion "1"]
[SourceVersionDate "2025.08.11"]
[SourceQuality "1"]

1. d4 d5 2. c4 c6 3. Nf3 Nf6 4. Nc3 e6 5. Bg5 Nbd7 6. e3 Qa5 7. cxd5 Nxd5 8. Qd2 Bb4 9. Rc1 Nxc3 10. bxc3 Ba3 11. Rb1 b6 12. Bd3 Ba6 13. O-O O-O 14. e4 Rfe8 15. e5 Bf8 16. Rfe1 Bxd3 17. Qxd3 h6 18. Bd2 Rad8 19. Qc2 Qa6 20. Qe4 c5 21. Qg4 cxd4 22. cxd4 g6 23. Qh4 h5 24. g4 hxg4 25. Ng5 Bg7 26. Qh7+ Kf8 27. Bb4+ Nc5 28. dxc5 Rd4 29. c6+ Rxb4 30. Rxb4 Qa5 31. a3 Qxa3 32. Rf4 Re7 33. Rd1 Ke8 34. Qg8+ 1-0

[Event "GBR-ch 111th"]
[Site "Liverpool"]
[Date "2025.08.09"]
[Round "8.18"]
[White "Wells, Peter K"]
[Black "Badacsonyi, Frankie"]
[Result "0-1"]
[WhiteElo "2339"]
[BlackElo "2193"]
[PlyCount "62"]
[EventDate "2025.08.02"]
[EventType "swiss"]
[EventRounds "9"]
[EventCountry "GBR"]
[SourceTitle "BritBase"]
[Source "John Saunders"]
[SourceDate "2025.08.11"]
[SourceVersion "1"]
[SourceVersionDate "2025.08.11"]
[SourceQuality "1"]

1. d4 Nf6 2. c4 e6 3. Nf3 d5 4. Nc3 Nbd7 5. Bg5 h6 6. Bh4 c6 7. e3 Be7 8. Rc1 O-O 9. a3 a5 10. Qc2 dxc4 11. Bxc4 b5 12. Be2 Ba6 13. Bxf6 Bxf6 14. Ne4 Be7 15. O-O b4 16. Bxa6 Rxa6 17. a4 f5 18. Nc5 Nxc5 19. dxc5 Qc8 20. Rfd1 Ra7 21. Qc4 Kh7 22. b3 Rd7 23. Rxd7 Qxd7 24. Ne5 Qc8 25. e4 Bf6 26. Nf3 Rd8 27. h3 Qd7 28. exf5 exf5 29. Re1 Qd5 30. Qf4 Qxc5 31. Ne5 Re8 0-1

[Event "GBR-ch 111th"]
[Site "Liverpool"]
[Date "2025.08.09"]
[Round "8.19"]
[White "Kalavannan, Koby"]
[Black "Stoica, Savas Marin"]
[Result "1-0"]
[WhiteElo "2323"]
[BlackElo "2092"]
[PlyCount "91"]
[EventDate "2025.08.02"]
[EventType "swiss"]
[EventRounds "9"]
[EventCountry "GBR"]
[SourceTitle "BritBase"]
[Source "John Saunders"]
[SourceDate "2025.08.11"]
[SourceVersion "1"]
[SourceVersionDate "2025.08.11"]
[SourceQuality "1"]

1. Nf3 Nf6 2. g3 g6 3. b3 Bg7 4. Bb2 d6 5. d4 c5 6. Bg2 Qa5+ 7. Bc3 Qc7 8. O-O O-O 9. dxc5 Qxc5 10. Bb2 a5 11. Nbd2 a4 12. Bxf6 exf6 13. b4 Qxb4 14. Rb1 Qa5 15. Nc4 Qc5 16. Nxd6 Be6 17. Nxb7 Qc3 18. Nd4 Bxa2 19. Nb5 Qe5 20. Rb4 Be6 21. Nd4 Bd7 22. c3 Na6 23. Rb6 Ra7 24. Qa1 Nc5 25. Nd6 Ra6 26. Nc4 Qc7 27. Rfb1 Rxb6 28. Nxb6 f5 29. Nd5 Qa7 30. Qa3 Re8 31. e3 h5 32. h4 Kh8 33. Nb6 Ne4 34. Nxd7 Qxd7 35. Bf1 Nd2 36. Bb5 Qd5 37. Bxe8 Nxb1 38. Qb2 Qe4 39. Bxa4 f4 40. Bc2 Qe7 41. Qxb1 fxe3 42. Qe1 exf2+ 43. Kxf2 Be5 44. Qe3 Qf6+ 45. Kg2 Kg7 46. Ne2 1-0

[Event "GBR-ch 111th"]
[Site "Liverpool"]
[Date "2025.08.09"]
[Round "8.20"]
[White "Jones, Steven A"]
[Black "Fava, Lorenzo"]
[Result "0-1"]
[WhiteElo "2185"]
[BlackElo "2318"]
[PlyCount "88"]
[EventDate "2025.08.02"]
[EventType "swiss"]
[EventRounds "9"]
[EventCountry "GBR"]
[SourceTitle "BritBase"]
[Source "John Saunders"]
[SourceDate "2025.08.11"]
[SourceVersion "1"]
[SourceVersionDate "2025.08.11"]
[SourceQuality "1"]

1. e4 g6 2. Nc3 Bg7 3. g3 c5 4. Bg2 Nc6 5. d3 e6 6. Be3 Nd4 7. Nh3 Ne7 8. Qd2 O-O 9. O-O Re8 10. Rab1 Rb8 11. Nd1 b6 12. c3 Ndc6 13. b4 cxb4 14. cxb4 d5 15. b5 Nd4 16. Nf4 Bb7 17. Nc3 Rc8 18. Rfc1 Qd6 19. exd5 exd5 20. Nce2 Ndf5 21. d4 Qd7 22. Qd3 Nxe3 23. fxe3 g5 24. Nh5 Qe6 25. Nxg7 Kxg7 26. Rxc8 Nxc8 27. Rc1 Qxe3+ 28. Qxe3 Rxe3 29. Kf2 Re7 30. a4 Nd6 31. g4 Kg6 32. Ng3 f5 33. Nxf5 Nxf5 34. gxf5+ Kxf5 35. Rc3 g4 36. h3 h5 37. hxg4+ hxg4 38. Re3 Rxe3 39. Kxe3 Kg5 40. Bf1 Bc8 41. Bg2 Be6 42. Bh1 Kh4 43. Kf2 g3+ 44. Kf1 Bh3+ 0-1

[Event "GBR-ch 111th"]
[Site "Liverpool"]
[Date "2025.08.09"]
[Round "8.21"]
[White "Chopra, Manmay"]
[Black "Hunt, Harriet V"]
[Result "1/2-1/2"]
[WhiteElo "2188"]
[BlackElo "2294"]
[PlyCount "105"]
[EventDate "2025.08.02"]
[EventType "swiss"]
[EventRounds "9"]
[EventCountry "GBR"]
[SourceTitle "BritBase"]
[Source "John Saunders"]
[SourceDate "2025.08.11"]
[SourceVersion "1"]
[SourceVersionDate "2025.08.11"]
[SourceQuality "1"]

1. Nf3 Nf6 2. g3 b5 3. Bg2 Bb7 4. O-O e6 5. b3 c5 6. c4 bxc4 7. bxc4 Nc6 8. Nc3 Rb8 9. Rb1 Ba8 10. Bb2 Be7 11. e3 O-O 12. Ba1 Qa5 13. Qe2 Rb4 14. d3 Rc8 15. Nd2 d6 16. Nb3 Qd8 17. Rbd1 Na5 18. Nxa5 Bxg2 19. Kxg2 Qxa5 20. e4 Ne8 21. f4 Qd8 22. h4 Rcb8 23. h5 h6 24. e5 Qd7 25. Rf2 Bd8 26. Kh2 R4b7 27. Ne4 Qc6 28. exd6 Rb1 29. Rff1 Rxd1 30. Rxd1 Rb7 31. d4 cxd4 32. Bxd4 Rd7 33. c5 Kf8 34. Ba1 f5 35. Nd2 Qxc5 36. Nb3 Qb6 37. Bd4 Qc6 38. Qxe6 Rf7 39. Bc5 Kg8 40. Nd4 Qa4 41. Qb3 Qa5 42. Nc6 Qxc5 43. Nxd8 Nxd6 44. Nxf7 Nxf7 45. Kh3 Qe7 46. Qd3 Qe6 47. Qd2 Qc4 48. Qg2 Ng5+ 49. Kh2 Ne4 50. Rd8+ Kh7 51. Rd7 Qc5 52. Qb2 Nf6 53. Qxf6 1/2-1/2

[Event "GBR-ch 111th"]
[Site "Liverpool"]
[Date "2025.08.09"]
[Round "8.22"]
[White "Fellowes, Billy"]
[Black "Davies, Nigel R"]
[Result "1/2-1/2"]
[WhiteElo "2122"]
[BlackElo "2291"]
[PlyCount "63"]
[EventDate "2025.08.02"]
[EventType "swiss"]
[EventRounds "9"]
[EventCountry "GBR"]
[SourceTitle "BritBase"]
[Source "John Saunders"]
[SourceDate "2025.08.11"]
[SourceVersion "1"]
[SourceVersionDate "2025.08.11"]
[SourceQuality "1"]

1. e4 c5 2. Nf3 e6 3. d4 cxd4 4. Nxd4 a6 5. Bd3 Bc5 6. Nb3 Ba7 7. O-O Nc6 8. Qe2 d6 9. Be3 Nf6 10. Bxa7 Rxa7 11. c3 O-O 12. N1d2 e5 13. Nc4 b5 14. Ne3 Bb7 15. Rfd1 Ne7 16. f3 Bc6 17. Qf2 Rb7 18. c4 Qb6 19. Rac1 Rbb8 20. Nd5 Qxf2+ 21. Kxf2 Nexd5 22. cxd5 Bd7 23. Rc7 Rfc8 24. Rdc1 Kf8 25. Na5 Ne8 26. Rxc8 Rxc8 27. Rxc8 Bxc8 28. Ke3 Nc7 29. b3 Bd7 30. a3 f5 31. f4 fxe4 32. Kxe4 1/2-1/2

[Event "GBR-ch 111th"]
[Site "Liverpool"]
[Date "2025.08.09"]
[Round "8.23"]
[White "Boswell, Jacob Connor"]
[Black "Murawski, Jan"]
[Result "1-0"]
[WhiteElo "2278"]
[BlackElo "2189"]
[PlyCount "79"]
[EventDate "2025.08.02"]
[EventType "swiss"]
[EventRounds "9"]
[EventCountry "GBR"]
[SourceTitle "BritBase"]
[Source "John Saunders"]
[SourceDate "2025.08.11"]
[SourceVersion "1"]
[SourceVersionDate "2025.08.11"]
[SourceQuality "1"]

1. Nf3 Nf6 2. g3 d5 3. Bg2 e6 4. O-O Be7 5. d3 c5 6. Nbd2 O-O 7. e4 Nc6 8. Re1 b5 9. e5 Nd7 10. Nf1 Bb7 11. h4 Qc7 12. Bf4 Rfc8 13. Ne3 Qd8 14. Ng4 Nf8 15. Qc1 h6 16. h5 Nh7 17. Bxh6 gxh6 18. Nxh6+ Kg7 19. Qf4 Qf8 20. Ng4 Nd4 21. Nxd4 cxd4 22. Qc1 Rc6 23. Nh2 Rac8 24. Re2 b4 25. f4 R8c7 26. Qd2 Qc8 27. Rc1 a5 28. Nf3 a4 29. Kh2 Bc5 30. Rg1 b3 31. axb3 Bb6 32. Ne1 axb3 33. cxb3 Rc1 34. g4 Rb1 35. f5 Qd8 36. f6+ Nxf6 37. Qg5+ Kh7 38. Rf2 Rd7 39. Rxf6 Qf8 40. Qf4 1-0

[Event "GBR-ch 111th"]
[Site "Liverpool"]
[Date "2025.08.09"]
[Round "8.24"]
[White "Yu, Rock"]
[Black "Shearsby, Jude"]
[Result "1/2-1/2"]
[WhiteElo "2107"]
[BlackElo "2270"]
[PlyCount "98"]
[EventDate "2025.08.02"]
[EventType "swiss"]
[EventRounds "9"]
[EventCountry "GBR"]
[SourceTitle "BritBase"]
[Source "John Saunders"]
[SourceDate "2025.08.11"]
[SourceVersion "1"]
[SourceVersionDate "2025.08.11"]
[SourceQuality "1"]

1. e4 c5 2. Nf3 a6 3. c4 Nc6 4. d4 cxd4 5. Nxd4 Nf6 6. Nc3 e5 7. Nf5 d5 8. cxd5 Bxf5 9. exf5 Nd4 10. Bd3 Nxd5 11. Be4 Nb4 12. O-O Qd7 13. a3 Nbc6 14. Nd5 Rd8 15. Bg5 Ne7 16. Ne3 Qb5 17. Qh5 Rd6 18. a4 Qe2 19. Qh3 Nec6 20. Rfe1 Qd2 21. Rad1 Qb4 22. Nd5 Qxa4 23. f6 Ne6 24. Nc7+ Kd7 25. Rxd6+ Kxd6 26. Ne8+ Kc5 27. Rc1+ Kb6 28. Bxc6 bxc6 29. fxg7 Bxg7 30. Be3+ Ka5 31. Nxg7 Rd8 32. b3 Qa3 33. Qf3 Nd4 34. Qd1 e4 35. Qe1+ Kb5 36. Bxd4 Rxd4 37. Qc3 Qd6 38. Qc2 Qd5 39. Nf5 Rd2 40. Qc4+ Qxc4 41. bxc4+ Kb4 42. Kf1 a5 43. Ke1 Rd3 44. c5 a4 45. Ne7 a3 46. Nxc6+ Kb3 47. Ne5 Rc3 48. Rb1+ Kc2 49. Rb5 a2 1/2-1/2

[Event "GBR-ch 111th"]
[Site "Liverpool"]
[Date "2025.08.09"]
[Round "8.25"]
[White "Malinovskii, Ilia"]
[Black "Webb, Laurence E"]
[Result "1/2-1/2"]
[WhiteElo "2075"]
[BlackElo "2268"]
[PlyCount "161"]
[EventDate "2025.08.02"]
[EventType "swiss"]
[EventRounds "9"]
[EventCountry "GBR"]
[SourceTitle "BritBase"]
[Source "John Saunders"]
[SourceDate "2025.08.11"]
[SourceVersion "1"]
[SourceVersionDate "2025.08.11"]
[SourceQuality "1"]

1. e4 e6 2. d4 d5 3. e5 c5 4. c3 Nc6 5. Nf3 Bd7 6. Be2 f6 7. O-O fxe5 8. Nxe5 Nxe5 9. dxe5 Qc7 10. Bf4 O-O-O 11. a4 Ne7 12. Na3 Ng6 13. Bg3 c4 14. Nb5 Bxb5 15. axb5 Bc5 16. Bg4 Qb6 17. Kh1 Ne7 18. Bh4 Rd7 19. Bxe7 Bxe7 20. f4 g6 21. b3 cxb3 22. Qxb3 Kb8 23. Ra4 h5 24. Bh3 Rf8 25. Rfa1 Rdd8 26. Rxa7 Rxf4 27. Ra8+ Kc7 28. Rxd8 Bxd8 29. Qc2 Qxb5 30. g3 Re4 31. Rb1 Qc6 32. Bg2 Rxe5 33. Qxg6 Kb8 34. Qg8 Qc8 35. c4 Be7 36. Qg7 Bd6 37. c5 Bc7 38. c6 b6 39. Rxb6+ Bxb6 40. Qxe5+ Ka7 41. Qa1+ Kb8 42. Qe5+ Ka7 43. Qd6 Bc7 44. Qc5+ Bb6 45. Qa3+ Kb8 46. Qd6+ Bc7 47. Qb4+ Ka7 48. Bf1 Bb6 49. Qe7+ Kb8 50. Qd6+ Bc7 51. Qb4+ Ka7 52. Kg2 Bb6 53. Qa3+ Kb8 54. Qd6+ Ka7 55. h4 Bc7 56. Qa3+ Kb6 57. Qb4+ Ka7 58. Be2 Bb6 59. Qa3+ Kb8 60. Qd6+ Bc7 61. Qb4+ Ka7 62. Qa4+ Kb6 63. Qb5+ Ka7 64. Bxh5 Qa6 65. Qc5+ Qb6 66. Qa3+ Kb8 67. Be8 Be5 68. Kh3 Qb1 69. Qf3 Qf5+ 70. Qxf5 exf5 71. Bf7 d4 72. Bd5 Kc7 73. h5 d3 74. h6 d2 75. Bf3 Bf6 76. h7 d1=Q 77. Bxd1 Kxc6 78. Bc2 Kd6 79. Bxf5 Ke7 80. Kg4 Kf8 81. Kh5 1/2-1/2

[Event "GBR-ch 111th"]
[Site "Liverpool"]
[Date "2025.08.09"]
[Round "8.26"]
[White "Rudd, Jack"]
[Black "Ledger, Dave J"]
[Result "1-0"]
[WhiteElo "2259"]
[BlackElo "2161"]
[PlyCount "77"]
[EventDate "2025.08.02"]
[EventType "swiss"]
[EventRounds "9"]
[EventCountry "GBR"]
[SourceTitle "BritBase"]
[Source "John Saunders"]
[SourceDate "2025.08.11"]
[SourceVersion "1"]
[SourceVersionDate "2025.08.11"]
[SourceQuality "1"]

1. d4 d5 2. c4 e6 3. Nc3 Nf6 4. cxd5 exd5 5. Bg5 Be7 6. Qc2 c6 7. e3 Be6 8. Bd3 Nbd7 9. Nge2 Nh5 10. Bxe7 Qxe7 11. O-O-O g6 12. h3 Ng7 13. Nf4 Nb6 14. Kb1 O-O-O 15. g4 Kb8 16. Nce2 Bc8 17. Nc1 Ne8 18. Nb3 Nd6 19. Nc5 Rhe8 20. a4 f5 21. b3 Ne4 22. b4 fxg4 23. a5 Nc4 24. Bxc4 dxc4 25. Ka1 Bf5 26. hxg4 Nxc5 27. gxf5 Nb3+ 28. Kb2 Qxb4 29. Qc3 Qa4 30. f6 Rf8 31. d5 Qb5 32. Ne6 Rxd5 33. Rxd5 Qxd5 34. Nxf8 Nc5 35. Qd4 Nd3+ 36. Kc2 Nb4+ 37. Kd2 c3+ 38. Kxc3 Qxh1 39. Qd8# 1-0

[Event "GBR-ch 111th"]
[Site "Liverpool"]
[Date "2025.08.09"]
[Round "8.27"]
[White "Kueh, Audrey"]
[Black "Richardson, John R"]
[Result "1-0"]
[WhiteElo "2071"]
[BlackElo "2246"]
[PlyCount "95"]
[EventDate "2025.08.02"]
[EventType "swiss"]
[EventRounds "9"]
[EventCountry "GBR"]
[SourceTitle "BritBase"]
[Source "John Saunders"]
[SourceDate "2025.08.11"]
[SourceVersion "1"]
[SourceVersionDate "2025.08.11"]
[SourceQuality "1"]

1. e4 e6 2. d4 d5 3. Nd2 c5 4. Ngf3 cxd4 5. Nxd4 Nc6 6. Bb5 Bd7 7. Nxc6 bxc6 8. Bd3 Qc7 9. Qe2 Ne7 10. O-O Ng6 11. Nf3 Bd6 12. Re1 Nf4 13. Bxf4 Bxf4 14. e5 O-O 15. c4 Qb6 16. Qc2 g6 17. g3 Bh6 18. h4 dxc4 19. Bxc4 c5 20. Nh2 Bc6 21. Ng4 Bg7 22. h5 Bb7 23. Re3 Rfd8 24. Nf6+ Bxf6 25. exf6 Qc6 26. f3 Qd6 27. Kf2 Qd2+ 28. Qxd2 Rxd2+ 29. Re2 Rd4 30. b3 Rad8 31. Rc1 a5 32. hxg6 hxg6 33. Rec2 Rc8 34. Ke3 e5 35. Rh1 Bxf3 36. Kxf3 Rc6 37. Rch2 Rxf6+ 38. Ke3 Kf8 39. Rh8+ Ke7 40. Ra8 Rg4 41. Rh3 e4 42. Be2 Rg5 43. Rxa5 Rgf5 44. Rh8 Rg5 45. Ra7+ Kd6 46. Ra6+ Ke7 47. Ra7+ Kd6 48. g4 1-0

[Event "GBR-ch 111th"]
[Site "Liverpool"]
[Date "2025.08.09"]
[Round "8.28"]
[White "Liu, Jack"]
[Black "Yoon, Jacob D"]
[Result "1-0"]
[WhiteElo "2071"]
[BlackElo "2203"]
[PlyCount "81"]
[EventDate "2025.08.02"]
[EventType "swiss"]
[EventRounds "9"]
[EventCountry "GBR"]
[SourceTitle "BritBase"]
[Source "John Saunders"]
[SourceDate "2025.08.11"]
[SourceVersion "1"]
[SourceVersionDate "2025.08.11"]
[SourceQuality "1"]

1. e4 c6 2. d4 d5 3. e5 c5 4. Nf3 Bg4 5. dxc5 Nc6 6. c3 e6 7. Be3 Nge7 8. Nbd2 Nf5 9. Bd4 Be7 10. Bb5 O-O 11. Bxc6 bxc6 12. O-O Qb8 13. b3 Qb5 14. h3 Bxf3 15. Nxf3 Bxc5 16. a4 Qb6 17. a5 Qb5 18. c4 Qb4 19. Ra4 Nxd4 20. Rxb4 Nxf3+ 21. Qxf3 Bxb4 22. a6 Rac8 23. Rd1 Rfd8 24. Qg4 Bc3 25. f4 g6 26. h4 Bb4 27. h5 d4 28. Rd3 Be7 29. Qf3 Rc7 30. hxg6 hxg6 31. g4 c5 32. Qe4 Kg7 33. Rh3 Rcd7 34. Qh1 Rg8 35. Rh7+ Kf8 36. Rh8 f6 37. Qh6+ Kf7 38. Rxg8 Kxg8 39. Qxg6+ Kf8 40. exf6 d3 41. f7 1-0

[Event "GBR-ch 111th"]
[Site "Liverpool"]
[Date "2025.08.09"]
[Round "8.29"]
[White "Bradbury, Neil H"]
[Black "Ledger, Andrew J"]
[Result "1/2-1/2"]
[WhiteElo "2137"]
[BlackElo "2323"]
[PlyCount "66"]
[EventDate "2025.08.02"]
[EventType "swiss"]
[EventRounds "9"]
[EventCountry "GBR"]
[SourceTitle "BritBase"]
[Source "John Saunders"]
[SourceDate "2025.08.11"]
[SourceVersion "1"]
[SourceVersionDate "2025.08.11"]
[SourceQuality "1"]

1. d4 d5 2. c4 c6 3. Nf3 Nf6 4. Nc3 e6 5. e3 Nbd7 6. Bd3 dxc4 7. Bxc4 b5 8. Bd3 Bd6 9. O-O O-O 10. b3 Bb7 11. Bb2 Qb8 12. Rc1 Rc8 13. h3 a6 14. e4 e5 15. Ne2 c5 16. d5 Bxd5 17. exd5 e4 18. Nc3 exf3 19. Qxf3 Ne5 20. Qd1 Nxd3 21. Qxd3 Re8 22. Rfe1 Bh2+ 23. Kf1 Be5 24. Rc2 Bd4 25. Rxe8+ Qxe8 26. Re2 Qd7 27. Ne4 Bxb2 28. Rxb2 Nxe4 29. Qxe4 Re8 30. Qd3 Qd6 31. g3 g6 32. Rd2 Rc8 33. Rc2 Rd8 1/2-1/2

[Event "GBR-ch 111th"]
[Site "Liverpool"]
[Date "2025.08.09"]
[Round "8.30"]
[White "Eames, Robert S"]
[Black "Pert, Max P"]
[Result "0-1"]
[WhiteElo "2136"]
[BlackElo "2263"]
[PlyCount "60"]
[EventDate "2025.08.02"]
[EventType "swiss"]
[EventRounds "9"]
[EventCountry "GBR"]
[SourceTitle "BritBase"]
[Source "John Saunders"]
[SourceDate "2025.08.11"]
[SourceVersion "1"]
[SourceVersionDate "2025.08.11"]
[SourceQuality "1"]

1. e4 e5 2. Nf3 Nc6 3. Bc4 Nf6 4. Ng5 d5 5. exd5 Na5 6. Bb5+ c6 7. dxc6 bxc6 8. Qf3 cxb5 9. Qxa8 Qc7 10. Qf3 Nc6 11. c3 Bg4 12. Qg3 Nd4 13. Na3 Ne2 14. Qd3 Nf4 15. Qxb5+ Bd7 16. Qc4 Qb7 17. f3 Bxa3 18. d4 Bb5 19. Qxf7+ Qxf7 20. Nxf7 Kxf7 21. bxa3 Re8 22. Kf2 Nd3+ 23. Kg3 exd4 24. Rb1 a6 25. cxd4 Re2 26. Rd1 Nh5+ 27. Kh4 Nhf4 28. Bxf4 Nxf4 29. Kg4 Nd5 30. Kg3 Nc3 0-1

[Event "GBR-ch 111th"]
[Site "Liverpool"]
[Date "2025.08.09"]
[Round "8.31"]
[White "Dishman, Stephen"]
[Black "Chan, Sheng Liang Bernard"]
[Result "1-0"]
[WhiteElo "2254"]
[BlackElo "2098"]
[PlyCount "83"]
[EventDate "2025.08.02"]
[EventType "swiss"]
[EventRounds "9"]
[EventCountry "GBR"]
[SourceTitle "BritBase"]
[Source "John Saunders"]
[SourceDate "2025.08.11"]
[SourceVersion "1"]
[SourceVersionDate "2025.08.11"]
[SourceQuality "1"]

1. Nf3 d5 2. c4 e6 3. g3 Nf6 4. Bg2 Be7 5. d4 O-O 6. O-O dxc4 7. Qc2 c6 8. Qxc4 b5 9. Qb3 Nbd7 10. Rd1 a5 11. Ne5 a4 12. Qc2 Nxe5 13. dxe5 Nd5 14. Nc3 Qb6 15. Nxd5 cxd5 16. Be3 Qa6 17. Bc5 Bxc5 18. Qxc5 Bb7 19. Rac1 Rac8 20. Qb4 Rc4 21. Rxc4 dxc4 22. Qe7 Bd5 23. Bxd5 exd5 24. Rxd5 Qb6 25. Qc5 Qg6 26. Qd4 b4 27. e4 Qa6 28. Rd6 Qc8 29. e6 fxe6 30. Rd7 e5 31. Qa7 Kh8 32. Rxg7 Qh3 33. Rd7 c3 34. bxc3 bxc3 35. Qc7 Kg8 36. Qc4+ Kh8 37. Qc7 Kg8 38. Qc4+ Kh8 39. Qc5 Re8 40. Qd6 Kg8 41. Qd5+ Re6 42. Qa8+ 1-0

[Event "GBR-ch 111th"]
[Site "Liverpool"]
[Date "2025.08.09"]
[Round "8.32"]
[White "Verbytski, Oleg"]
[Black "Jackson, Edward"]
[Result "1/2-1/2"]
[WhiteElo "2001"]
[BlackElo "2194"]
[PlyCount "137"]
[EventDate "2025.08.02"]
[EventType "swiss"]
[EventRounds "9"]
[EventCountry "GBR"]
[SourceTitle "BritBase"]
[Source "John Saunders"]
[SourceDate "2025.08.11"]
[SourceVersion "1"]
[SourceVersionDate "2025.08.11"]
[SourceQuality "1"]

1. e4 c5 2. Nf3 e6 3. d4 cxd4 4. Nxd4 a6 5. Nc3 b5 6. Be3 Bb7 7. f3 Nf6 8. Qd2 Qc7 9. O-O-O Bb4 10. g4 d6 11. Nb3 O-O 12. a3 Bxc3 13. Qxc3 Qxc3 14. bxc3 d5 15. Na5 Bc8 16. g5 Nh5 17. exd5 exd5 18. Rxd5 Be6 19. Rd6 Nd7 20. Bg2 Rac8 21. Kb2 Nc5 22. Nc6 Na4+ 23. Kc1 Rc7 24. Bd2 g6 25. f4 Ng7 26. Nd4 Nxc3 27. Rxa6 Nf5 28. Bxc3 Rxc3 29. Kb2 Rfc8 30. Rc6 R8xc6 31. Bxc6 Rc5 32. Nxe6 Rxc6 33. Nd8 Rc4 34. Rf1 Ne3 35. Re1 Nxc2 36. Re8+ Kg7 37. Nb7 Nd4 38. Nd6 Rc2+ 39. Kb1 Rf2 40. Ne4 Rf1+ 41. Kb2 Ne6 42. Nf6 Nf8 43. Nd5 Rd1 44. Nc3 Rd2+ 45. Kb3 Rxh2 46. Nxb5 Ne6 47. a4 Rh3+ 48. Kc4 Rf3 49. a5 Rxf4+ 50. Kd5 Rf5+ 51. Kc6 Nd4+ 52. Nxd4 Rxa5 53. Nf3 Rf5 54. Re3 f6 55. gxf6+ Kxf6 56. Kd6 g5 57. Re6+ Kg7 58. Ne5 Rf6 59. Kd5 Rxe6 60. Kxe6 Kh6 61. Kf5 Kh5 62. Nf7 g4 63. Kf4 Kh4 64. Nh6 g3 65. Nf5+ Kh3 66. Nxg3 Kg2 67. Kg5 Kxg3 68. Kh6 Kf4 69. Kxh7 1/2-1/2

[Event "GBR-ch 111th"]
[Site "Liverpool"]
[Date "2025.08.09"]
[Round "8.33"]
[White "Kovalskyi, Roman"]
[Black "Ashworth, Michael J"]
[Result "1-0"]
[WhiteElo "2180"]
[BlackElo "2053"]
[PlyCount "83"]
[EventDate "2025.08.02"]
[EventType "swiss"]
[EventRounds "9"]
[EventCountry "GBR"]
[SourceTitle "BritBase"]
[Source "John Saunders"]
[SourceDate "2025.08.11"]
[SourceVersion "1"]
[SourceVersionDate "2025.08.11"]
[SourceQuality "1"]

1. e4 c5 2. Nf3 g6 3. d4 cxd4 4. Nxd4 Nc6 5. c4 Nf6 6. Nc3 d6 7. Be2 Nxd4 8. Qxd4 Bg7 9. O-O O-O 10. Qd3 Be6 11. Be3 Nd7 12. f4 Rc8 13. b3 Nc5 14. Qc2 Qa5 15. Bd2 Qb6 16. Kh1 f5 17. Rae1 Bxc3 18. Bxc3 Nxe4 19. Bf3 d5 20. Bxe4 fxe4 21. cxd5 Bxd5 22. Qd2 Rfd8 23. Ba1 e3 24. Qb2 Qf6 25. Qe2 Qc6 26. f5 Rf8 27. Qg4 Be4 28. Rxe3 Rxf5 29. Rg1 Bd5 30. Rg3 Rcf8 31. Qh4 e5 32. h3 Qe6 33. Re3 Rh5 34. Qg3 Rff5 35. Kh2 Rfg5 36. Qe1 Qc6 37. g4 Rh6 38. Bxe5 Qc2+ 39. Re2 Qc8 40. Bf4 Rxh3+ 41. Kxh3 Rh5+ 42. Kg3 1-0

[Event "GBR-ch 111th"]
[Site "Liverpool"]
[Date "2025.08.09"]
[Round "8.34"]
[White "Dicen, Elis Denele"]
[Black "Sedykh, Mikhail"]
[Result "1-0"]
[WhiteElo "2069"]
[BlackElo "2159"]
[PlyCount "67"]
[EventDate "2025.08.02"]
[EventType "swiss"]
[EventRounds "9"]
[EventCountry "GBR"]
[SourceTitle "BritBase"]
[Source "John Saunders"]
[SourceDate "2025.08.11"]
[SourceVersion "1"]
[SourceVersionDate "2025.08.11"]
[SourceQuality "1"]

1. Nf3 d5 2. g3 Nf6 3. Bg2 e6 4. c4 Be7 5. d4 O-O 6. O-O c6 7. Qc2 Nbd7 8. Nbd2 b6 9. e4 Nxe4 10. Nxe4 dxe4 11. Qxe4 Bb7 12. Rd1 a5 13. Bf4 Ra7 14. Qc2 Nf6 15. Rac1 h6 16. Ne5 Qc8 17. c5 bxc5 18. dxc5 Nd5 19. Bd2 a4 20. Qe4 Qc7 21. Re1 Bc8 22. Qf3 Bf6 23. Nc4 Ba6 24. Qg4 Bxc4 25. Rxc4 Bxb2 26. Bxh6 f5 27. Qe2 Bc3 28. Bxd5 Bxe1 29. Bxe6+ Rf7 30. Bf4 Qe7 31. Qxe1 Kh7 32. Bd6 Qe8 33. Rh4+ Kg6 34. Bxf5+ 1-0

[Event "GBR-ch 111th"]
[Site "Liverpool"]
[Date "2025.08.09"]
[Round "8.35"]
[White "Honey, Luke"]
[Black "Price, Gwilym T"]
[Result "0-1"]
[WhiteElo "2082"]
[BlackElo "2186"]
[PlyCount "60"]
[EventDate "2025.08.02"]
[EventType "swiss"]
[EventRounds "9"]
[EventCountry "GBR"]
[SourceTitle "BritBase"]
[Source "John Saunders"]
[SourceDate "2025.08.11"]
[SourceVersion "1"]
[SourceVersionDate "2025.08.11"]
[SourceQuality "1"]

1. e4 c5 2. Nf3 e6 3. b3 a6 4. Bb2 Nc6 5. c4 Nf6 6. e5 Ng4 7. h3 Nh6 8. Nc3 d6 9. d4 cxd4 10. Nxd4 Bd7 11. exd6 Bxd6 12. Qd2 Nxd4 13. Qxd4 Nf5 14. Qd2 Qc7 15. Bd3 Nh4 16. O-O O-O-O 17. Qe2 Ng6 18. Be4 f5 19. Bf3 Nf4 20. Qd1 Bc6 21. Rc1 Nxh3+ 22. Kh1 Qe7 23. Bxc6 Qh4 24. Bxb7+ Kb8 25. Qxd6+ Rxd6 26. gxh3 Qxh3+ 27. Kg1 Kxb7 28. c5 Rd4 29. c6+ Kc8 30. Ne2 Rh4 0-1